Podrá sobrevivir el hombre?: una investigación sobre los hechos y las ficciones de la política internacional
Gorde:
| Egile nagusia: | |
|---|---|
| Formatua: | Liburua |
| Hizkuntza: | gaztelania |
| Argitaratua: |
Buenos Aires
Paidós
1965
|
| Gaiak: | |
| Etiketak: |
Etiketa erantsi
Etiketarik gabe, Izan zaitez lehena erregistro honi etiketa jartzen!
|
MARC
| LEADER | 00000cam a2200000 a 4500 | ||
|---|---|---|---|
| 001 | UCG1331 | ||
| 003 | CL-VaPUC | ||
| 008 | 100429e19650000AG |||||||||||||||||spa|d | ||
| 082 | 0 | 4 | |a 327.11 |b FRO |2 21 |
| 100 | 0 | |a Fromm, Erich |e author |9 315922 | |
| 245 | 1 | 0 | |a Podrá sobrevivir el hombre?: una investigación sobre los hechos y las ficciones de la política internacional |
| 300 | |a 257 p | ||
| 942 | |c BK | ||
| 945 | |d 20100429 00:00:00 |a dcastane | ||
| 260 | |a Buenos Aires |b Paidós |c 1965 | ||
| 650 | 7 | |a POLITICA INTERNACIONAL - SIGLO 20 |2 CL-VaPUC |9 338296 | |
| 650 | 0 | |a Política mundial |9 255739 | |
| 651 | 0 | |a Europa |9 255156 | |
| 651 | 0 | |a Alemania |9 255688 | |
| 651 | 0 | |a Rusia |9 256106 | |
| 651 | 0 | |a Estados Unidos |9 255178 | |
| 583 | |a last modification |c 20150727 03:46:46 |k Rodrigo Vera | ||
| 999 | |c 340735 |d 340733 | ||
| 952 | |0 0 |1 0 |4 0 |6 327_110000000000000_FRO_1965 |7 0 |8 P |9 435713 |a BIBGIM |b BIBGIM |d 2019-11-22 |i 4662822 |o 327.11 FRO 1965 |p 4662822 |r 2025-01-15 |w 2019-11-22 |y BK |k GIM | ||
| 952 | |0 0 |1 0 |3 erb |4 0 |6 327_110000000000000_FRO_1965 |7 0 |8 A |9 435714 |a BIBEDU |b BIBEDU |e Villagrán Garnham, Jorge |i 5186722 |o 327.11 FRO 1965 |p 5186722 |r 2019-11-22 |w 2019-11-22 |y BK |z Catalogado en:20150728 |k FIL | ||